Supervisory management : (Record no. 1167)
[ view plain ]
| 000 -LEADER | |
|---|---|
| fixed length control field | 01194nac a22002771u 4500 |
| 010 ## - LIBRARY OF CONGRESS CONTROL NUMBER | |
| LC control number | 2004100251 |
| 020 ## - INTERNATIONAL STANDARD BOOK NUMBER | |
| International Standard Book Number | 0324178921 (Pkg) |
| 020 ## - INTERNATIONAL STANDARD BOOK NUMBER | |
| International Standard Book Number | 0324232535 (Text) |
| 035 ## - SYSTEM CONTROL NUMBER | |
| System control number | (DLC) 2004100251 |
| 082 ## - DEWEY DECIMAL CLASSIFICATION NUMBER | |
| Classification number | 658.403 |
| Item number | M912 |
| 090 ## - LOCALLY ASSIGNED LC-TYPE CALL NUMBER (OCLC); LOCAL CALL NUMBER (OCLC) | |
| -- | 1167 |
| -- | 1167 |
| 100 ## - MAIN ENTRY--PERSONAL NAME | |
| Personal name | Mosley, Donald C. |
| 245 10 - TITLE STATEMENT | |
| Title | Supervisory management : |
| Remainder of title | the art of inspiring, empowering, and developing people / |
| Statement of responsibility, etc | Donald C. Mosley, Leon C. Megginson, Paul H. Pietri. |
| 250 ## - EDITION STATEMENT | |
| Edition statement | 6th ed. |
| 260 ## - PUBLICATION, DISTRIBUTION, ETC. (IMPRINT) | |
| Place of publication, distribution, etc | Mason, Ohio : |
| Name of publisher, distributor, etc | Thomson/South-Western,2005 |
| Date of publication, distribution, etc | c2005. |
| 300 ## - PHYSICAL DESCRIPTION | |
| Extent | xx, 526 p. : |
| Other physical details | ill. (some col.) ; |
| Dimensions | 26 cm. |
| 500 ## - GENERAL NOTE | |
| General note | Includes passcode to Infotrac College Edition, the Online Library (WWW.infotrac-college.com). |
| 504 ## - BIBLIOGRAPHY, ETC. NOTE | |
| Bibliography, etc | Includes bibliographical references (p. [505]-510) and index. |
| 650 #0 - SUBJECT ADDED ENTRY--TOPICAL TERM | |
| Topical term or geographic name as entry element | Personnel management. |
| 650 #0 - SUBJECT ADDED ENTRY--TOPICAL TERM | |
| Topical term or geographic name as entry element | Supervision of employees. |
| 700 1# - ADDED ENTRY--PERSONAL NAME | |
| Personal name | Megginson, Leon C. |
| 700 1# - ADDED ENTRY--PERSONAL NAME | |
| Personal name | Pietri, Paul H. |
| 856 41 - ELECTRONIC LOCATION AND ACCESS | |
| Materials specified | Table of contents |
| Uniform Resource Identifier | <a href="http://www.loc.gov/catdir/toc/fy046/2004100251.html">http://www.loc.gov/catdir/toc/fy046/2004100251.html</a> |
| 942 ## - ADDED ENTRY ELEMENTS (KOHA) | |
| Item type | Book - Borrowing |
| Call number prefix | 658.403M912 |
| Withdrawn status | Item status | Source of classification or shelving scheme | Damaged status | Not for loan | Vendor | Home library | Current library | Shelving location | Date acquired | Source of acquisition | Cost, normal purchase price | Total Checkouts | Total Renewals | Full call number | Barcode | Date last seen | Date last borrowed | Cost, replacement price | Koha item type |
|---|---|---|---|---|---|---|---|---|---|---|---|---|---|---|---|---|---|---|---|
| Dewey Decimal Classification | Central Library | Central Library | First floor | 24/08/2006 | 480.00 | 3 | 3 | 658.403 MOS | 000003325 | 15/07/2025 | 14/04/2013 | 600.00 | Book - Borrowing |